Представление документа в формате MARC21

Поле Инд. ПП Название Значение
Тип записи a
Библиографический уровень m
001 Контрольный номер 95d8e7dd-34c2-4070-92fb-deffca680efb
005 Дата корректировки 20140703120131.3
008 Кодируемые данные 071031
040 a Служба первич. каталог. НБ ТвГУ
041 a Код языка текста rus
080 a Индекс УДК 347.211(043.3)
084 a Индекс другой классификации/Индекс ББК Х404.022я031
090 a Полочн. индекс Х404.0
x Авторский знак С 16
100 1_ a Автор Салиева Рида Наильевна
q Полное имя Салиева Р. Н.
245 00 a Заглавие Документированная геологическая информация: гражданско-правовой аспект получения и использования
b Продолж. заглавия автореф. дис. ... к.ю.н. : 12.00.03
c Ответственность ГОу ВПО "Урал. гос. юрид. акад.", Каф. предпринимат. права
260 0_ a Место издания Екатеринбург
b Издательство б. и.
c Дата издания 2007
300 a Объем 25 с.
500 a Примечание На правах рукоп.
504 a Библиография Библиогр. в конце кн. (20 назв.) и в подстроч. примеч.
653 a Ключевые слова Авторефераты
a Ключевые слова Геологическая информация
a Ключевые слова Гражданское право
a Ключевые слова Документированная геологическая информация
a Ключевые слова Информация
a Ключевые слова Объекты гражданского права
a Ключевые слова Право
901 t Тип документа m
920 a Оператор Густ
a Оператор Семен
a Оператор Стро
930 a Новая/Ретро авторефераты
952 c Вид литературы А/Р н
954 a Дата поступления на обработку 20121031
c Дата окончания ОНО 20130628
b Дата поступления в ОК 20130419ред